| 000 | 00518nam a22001937a 4500 | ||
|---|---|---|---|
| 003 | OSt | ||
| 008 | 260122b |||||||| |||| 00| 0 eng d | ||
| 020 | _a9798893223620 | ||
| 082 | _a615.191 MET | ||
| 100 | _aMehta, Dhruti | ||
| 245 | _aText book of Pharmaceutical Quality Assurance | ||
| 260 |
_aChennai _bNotion Press _c2025 |
||
| 300 | _a360 | ||
| 650 | _aPharmaceutical Quality Assurance | ||
| 700 | _aPrajapati, ram Narayan | ||
| 700 | _aRajeev kumar | ||
| 700 | _aShrivastava & Swarnkar | ||
| 942 |
_2ddc _cBK |
||
| 999 |
_c13800 _d13800 |
||